000 02285nam a2200313Ia 4500
999 _c55016
_d55016
001 22090
003 GE_BSU
005 20221021170349.0
008 181216s ||||ge |||||||||||||| ||geo||
020 _a9994031864
040 _cGE_BSU
041 _ageo
080 _a1(495)"01/04 მ-98
100 _aმჭედლიძე, მაგდა
_914037
245 _aმიქაელ ფსელოსის ფილოსოფიური პოზიცია, სააზროვნო და პედაგოგიური მეთოდი :
_bდროისა და მარადისობის ურთიერთმიმართების პრობლემისადმი მიძღვნ. ტრაქტატების მიხედვით /
_cმაგდა მჭედლიძე ; რედ. გ. თევზაძე.
264 _aთბილისი :
_bლოგოსი,
_c2006.
300 _a195 გვ. ;
_c25 სმ.
490 _aპროგრამა "ლოგოსი". პუბლ. და ღონისძ. კლას. ფილოლ., ბიზანტ. და ნეოგრეც. სფეროში
504 _aბიბლიოგრაფია ტექსტების შენიშვნებში
520 _aრეზიუმე ინგლისურ ენაზე
541 _h9ლ.20თ.
653 _aბიზანტიელი ფილოსოფოსები
653 _aდროისა და მარადისობის ურთიერთმიმართება
653 _aბიზანტიური ფილოსოფია
653 _aმიქაელ ფსელოსის ფილოსოფიური პოზიცია, სააზროვნო და პედაგოგიური მეთოდი : დროისა და მარადისობის ურთიერთმიმართების პრობლემისადმი მიძღვნ. ტრაქტატების მიხედვით
653 _aფილოსოფია
700 _aთევზაძე, გ.
_eრედაქტორი
_915459
942 _cBK
_2udc